00682nam a22001937a 4500020001800000041001200018082001900030245004600049260009100095300002300186365001200209650003900221700002200260700002600282700001900308942000700327999001900334952013500353 a9788194008026 aEnglish a300.72bVIN/QU aQuantitative methods for social sciences  aNew DelhibICAR-National institute of agricultural economics and policy researchc2019 a400b epaper back a6029.00 aCluster analysisaRegress analysis aVinayak Nikam ed. aAbimanyu Jhajaria ed. aSuresh Pal ed. cBK c253152d253152 00104070aKAUCOAbKAUCOAd2021-09-02g6029.00l2o300.72 VIN/QUpKAU-COA-G-1943r2022-02-20 00:00:00s2022-02-01w2021-09-02yBK